| 000 | 00628nam a22001697a 4500 | ||
|---|---|---|---|
| 003 | BD-DhUL | ||
| 005 | 20160829192435.0 | ||
| 008 | 160829b xxu||||| |||| 00| 0 eng d | ||
| 040 | _cBD-DhUL | ||
| 082 |
_a924 _bSHS |
||
| 245 |
_aশহীদুল্লাহ্ সংবর্ধনা গ্রন্থ / _cসফিউল্লাহ্, মুহম্মদ |
||
| 260 |
_aঢাকা : _bরেনেসাঁস, _c১৯৬৭. |
||
| 300 |
_a৬০০ পৃ. ; _c২৪ সেমি. |
||
| 650 |
_aইতিহাস _vHistory |
||
| 700 | _aসফিউল্লাহ্, মুহম্মদ | ||
| 942 |
_2ddc _cBK |
||
| 999 |
_c102622 _d102622 |
||